Nepal : lonely planet.

Bibliographic Details
Format: Book
Published: Victoria: Lonely Planet Publications, 2012.
Edition:9th ed.
Series:Lonely planet
Subjects:
LEADER 00490cam a2200169 7i4500
001 0000029171
005 20130711090000.0
020 0 0 |a 9781741797237  
090 0 0 |a NEPL 910.202   |b NEP 
245 0 0 |a Nepal :   |b lonely planet. 
250 0 0 |a 9th ed. 
260 0 0 |a Victoria:   |b Lonely Planet Publications,   |c 2012. 
300 # # |a 407 p. 
440 0 0 |a Lonely planet 
650 0 0 |a Nepal --   |x Description and travel --   |x lGuidebooks  
651 0 0 |a Nepal  
999 |a B000032604  |b Book  |c Countries  |e Business Information Centre